[Event "European Women-ch 2023"]
[Site "Petrovac"]
[Date "2023.03.18"]
[Round "1.1"]
[White "Khotenashvili, Bela"]
[Black "Lehaci, Miruna-Daria"]
[Result "1/2-1/2"]
[WhiteElo "2491"]
[BlackElo "2202"]
[Annotator "TA"]
[PlyCount "102"]
[EventDate "2023.03.15"]
[EventType "swiss"]
[EventCountry "MNE"]
[SourceTitle "playchess.com"]
[Source "ChessBase"]
[SourceQuality "1"]

1. g3 d5 2. Nf3 Nc6 3. d4 Bf5 4. Bg2 Nb4 5. Na3 e6 6. c3 Nc6 7. Nc2 Be7 8. O-O Be4 9. Nce1 Nf6 10. Nd3 Nd7 11. a4 Na5 12. Re1 b6 13. Bf1 c5 14. dxc5 Nxc5 15. Nd4 Ncb7 16. b4 Nc4 17. Nc6 Qc7 18. Nxe7 Qxe7 19. f3 Bg6 20. Nf4 Rd8 21. a5 b5 22. Qd4 Qf6 23. Qxa7 Qxc3 24. Qxb7 Qxe1 25. Qxb5+ Kf8 26. Qc5+ Kg8 27. Bb2 Qd2 28. Qd4 Qxb2 29. Qxb2 Nxb2 30. b5 Nc4 31. b6 Kf8 32. b7 Ke7 33. a6 Nd6 34. e4 dxe4 35. Nxg6+ hxg6 36. fxe4 e5 37. Ra5 f6 38. Bb5 Nxb5 39. Rxb5 Rd1+ 40. Kg2 Ra1 41. b8=Q Rxb8 42. Rxb8 Rxa6 43. Rb7+ Kf8 44. Rb8+ Kf7 45. Rb7+ Kg8 46. h4 f5 47. Rb5 Re6 48. Kf3 Kf7 49. g4 fxg4+ 50. Kxg4 Kf6 51. Rb1 Rc6 1/2-1/2

[Event "European Women-ch 2023"]
[Site "Petrovac"]
[Date "2023.03.18"]
[Round "1.1"]
[White "Kiolbasa, Oliwia"]
[Black "Hrescak, Ivana"]
[Result "1-0"]
[WhiteElo "2406"]
[BlackElo "2127"]
[Annotator "TA"]
[PlyCount "90"]
[EventDate "2023.03.15"]
[EventType "swiss"]
[EventCountry "MNE"]
[SourceTitle "playchess.com"]
[Source "ChessBase"]
[SourceQuality "1"]

1. e4 c5 2. Nf3 d6 3. d4 cxd4 4. Nxd4 Nf6 5. Nc3 g6 6. Be3 Nc6 7. f3 h5 8. Be2 a6 9. O-O Bd7 10. a4 h4 11. Nd5 Rc8 12. Nb3 Be6 13. Bb6 Qd7 14. Nxf6+ exf6 15. f4 h3 16. g3 f5 17. exf5 gxf5 18. Nd4 Nxd4 19. Bxd4 Rg8 20. Bf3 Be7 21. Rf2 d5 22. c3 Bc5 23. Bxc5 Rxc5 24. Re2 Kf8 25. Qd4 Rc4 26. Qf6 Rg6 27. Qh8+ Ke7 28. Rd1 Rxf4 29. Rxd5 Qe8 30. Qxe8+ Kxe8 31. Bh5 Re4 32. Rxe4 fxe4 33. Re5 Rh6 34. Bg4 Kd7 35. Rxe4 Bxg4 36. Rxg4 Rd6 37. Rd4 Rxd4 38. cxd4 Kd6 39. Kf2 Kd5 40. Ke3 f6 41. g4 b5 42. axb5 axb5 43. b3 Kd6 44. Ke4 b4 45. Kf5 Kd5 1-0

[Event "European Women-ch 2023"]
[Site "Petrovac"]
[Date "2023.03.18"]
[Round "1.1"]
[White "Ovod, Evgenija"]
[Black "Ter-Avetisjana, Agnesa Stepania"]
[Result "1-0"]
[WhiteElo "2305"]
[BlackElo "1974"]
[Annotator "TA"]
[PlyCount "65"]
[EventDate "2023.03.15"]
[EventType "swiss"]
[EventCountry "MNE"]
[SourceTitle "playchess.com"]
[Source "ChessBase"]
[SourceQuality "1"]

1. e4 c6 2. Nf3 d5 3. d3 Bg4 4. h3 Bxf3 5. Qxf3 e6 6. g3 Nf6 7. Bg2 Be7 8. O-O O-O 9. Qe2 Re8 10. Nd2 c5 11. f4 Nc6 12. c3 Bf8 13. g4 Nd7 14. Nf3 Rc8 15. Kh1 b5 16. e5 g6 17. d4 cxd4 18. cxd4 Qb6 19. Be3 Bh6 20. Qf2 Nb4 21. Ne1 Rc7 22. a3 Nc6 23. Qh4 Bg7 24. Rc1 Rec8 25. Nd3 Bf8 26. f5 Ndxe5 27. Nxe5 Nxe5 28. Rxc7 Rxc7 29. fxe6 Nc4 30. exf7+ Rxf7 31. Bxd5 Qb7 32. Bxb7 Rxf1+ 33. Bg1 1-0

[Event "European Women-ch 2023"]
[Site "Petrovac"]
[Date "2023.03.18"]
[Round "1.2"]
[White "Toncheva, Nadya"]
[Black "Gunina, Valentina"]
[Result "1/2-1/2"]
[WhiteElo "2192"]
[BlackElo "2478"]
[Annotator "TA"]
[PlyCount "132"]
[EventDate "2023.03.15"]
[EventType "swiss"]
[EventCountry "MNE"]
[SourceTitle "playchess.com"]
[Source "ChessBase"]
[SourceQuality "1"]

1. e4 c6 2. d4 d5 3. Nc3 dxe4 4. Nxe4 Nf6 5. Nxf6+ exf6 6. c3 Bd6 7. Bd3 O-O 8. Ne2 Re8 9. O-O Na6 10. Bf4 Nc7 11. Qd2 Bf8 12. Rfe1 Nd5 13. Bg3 g6 14. Nf4 Nxf4 15. Qxf4 Rxe1+ 16. Rxe1 Be6 17. Bb1 a5 18. h4 f5 19. Qc7 Qxc7 20. Bxc7 b5 21. Bd3 h5 22. Bf1 Bxa2 23. Ra1 Bd5 24. Rxa5 Rxa5 25. Bxa5 Bh6 26. Bb4 Bc1 27. Ba3 f6 28. Bd3 Kf7 29. f3 Be6 30. Kf2 g5 31. d5 Bxd5 32. hxg5 Be6 33. gxf6 Kxf6 34. Kg3 Bd5 35. Kh4 Bf7 36. g3 f4 37. g4 hxg4 38. Kxg4 Be6+ 39. Kh5 Bf5 40. Bf1 Bg6+ 41. Kg4 Bf7 42. Bd3 Bd5 43. Be2 Ke6 44. Kg5 Kd7 45. Kf6 Kc7 46. Ke7 Bb3 47. Bd3 Be3 48. Bf5 Bd5 49. Bd6+ Kb6 50. Bg4 Ka5 51. Be5 Ka4 52. Kd6 Kb3 53. Be6 Bxe6 54. Kxe6 c5 55. Kd5 c4 56. Kc6 Kxb2 57. Kxb5 Kb3 58. Bf6 Bd2 59. Be5 Bxc3 60. Bxf4 Be1 61. Be5 Bf2 62. Bg7 Bg3 63. Bd4 Bf4 64. Bg7 Bd2 65. Be5 Bc3 66. f4 Bxe5 1/2-1/2

[Event "European Women-ch 2023"]
[Site "Petrovac"]
[Date "2023.03.18"]
[Round "1.2"]
[White "Spalir, Monika"]
[Black "Buksa, Nataliya"]
[Result "1/2-1/2"]
[WhiteElo "2125"]
[BlackElo "2405"]
[Annotator "TA"]
[PlyCount "102"]
[EventDate "2023.03.15"]
[EventType "swiss"]
[EventCountry "MNE"]
[SourceTitle "playchess.com"]
[Source "ChessBase"]
[SourceQuality "1"]

1. e4 c5 2. Nf3 Nc6 3. d4 cxd4 4. Nxd4 Nf6 5. Nc3 e5 6. Ndb5 d6 7. Bg5 a6 8. Na3 b5 9. Nd5 Be7 10. Bxf6 Bxf6 11. c3 Rb8 12. Nc2 Bg5 13. a4 bxa4 14. Ncb4 Nxb4 15. Nxb4 Bd7 16. Bxa6 Qa5 17. Qxd6 Rb6 18. Qd3 Be6 19. O-O O-O 20. Bc4 Rd8 21. Bd5 Bxd5 22. Nxd5 Rxb2 23. Rfb1 Rxb1+ 24. Rxb1 a3 25. g3 Ra8 26. Qc4 h5 27. h4 Bd8 28. Qa2 Qa7 29. Kg2 Be7 30. Nxe7+ Qxe7 31. Qd5 Rd8 32. Qa5 Rd2 33. Ra1 Qf6 34. Qa7 Qc6 35. Qb8+ Kh7 36. Qxe5 a2 37. Qxh5+ Kg8 38. Qe5 Qc4 39. h5 Qb3 40. h6 gxh6 41. Rh1 Qb2 42. Qe8+ Kg7 43. Qe5+ Kf8 44. Qc5+ Ke8 45. Qc8+ Ke7 46. Qc7+ Kf8 47. Qc5+ Kg8 48. Qc8+ Kg7 49. Qg4+ Kf8 50. Qc8+ Kg7 51. Qg4+ Kf8 1/2-1/2

[Event "European Women-ch 2023"]
[Site "Petrovac"]
[Date "2023.03.18"]
[Round "1.2"]
[White "Mashchenko, Tamila"]
[Black "Unuk, Laura"]
[Result "0-1"]
[WhiteElo "1956"]
[BlackElo "2297"]
[Annotator "TA"]
[PlyCount "90"]
[EventDate "2023.03.15"]
[EventType "swiss"]
[EventCountry "MNE"]
[SourceTitle "playchess.com"]
[Source "ChessBase"]
[SourceQuality "1"]

1. d4 Nf6 2. c4 e6 3. Nc3 Bb4 4. e3 O-O 5. Bd3 d5 6. a3 Be7 7. Nf3 a6 8. O-O dxc4 9. Bxc4 c5 10. dxc5 Bxc5 11. Qxd8 Rxd8 12. b4 Be7 13. Bb2 b5 14. Be2 Bb7 15. Rfd1 Nbd7 16. Nd4 Rac8 17. Nb3 Ne8 18. Na5 Ba8 19. Rac1 Nd6 20. a4 Nc4 21. Nxc4 bxc4 22. Na2 Bd5 23. Bd4 e5 24. Bc3 Be6 25. a5 f6 26. Bf3 Nb8 27. Bb7 Rxd1+ 28. Rxd1 Rc7 29. Bf3 Kf8 30. Kf1 Bf5 31. e4 Bd7 32. Be2 Ba4 33. Rd2 Bb3 34. Nc1 Nc6 35. Rb2 Nd4 36. Bxd4 exd4 37. Nxb3 cxb3 38. f3 Rc1+ 39. Kf2 Bxb4 40. Bd3 Rc3 41. Ke2 Ba3 42. Rd2 Bc1 43. Rd1 b2 44. Bb1 Re3+ 45. Kf1 Ra3 0-1

[Event "European Women-ch 2023"]
[Site "Petrovac"]
[Date "2023.03.18"]
[Round "1.3"]
[White "Mammadzada, Gunay"]
[Black "Richterova, Natasa"]
[Result "1-0"]
[WhiteElo "2472"]
[BlackElo "2190"]
[Annotator "TA"]
[PlyCount "145"]
[EventDate "2023.03.15"]
[EventType "swiss"]
[EventCountry "MNE"]
[SourceTitle "playchess.com"]
[Source "ChessBase"]
[SourceQuality "1"]

1. e4 c6 2. Nc3 d5 3. d4 dxe4 4. Nxe4 Bf5 5. Ng3 Bg6 6. h4 h6 7. Nf3 Nd7 8. Bd3 Bxd3 9. Qxd3 Ngf6 10. Bf4 e6 11. O-O-O Qa5 12. Kb1 Nd5 13. Bd2 Qa4 14. c3 O-O-O 15. Ne4 N5f6 16. Rc1 Nxe4 17. Qxe4 Bd6 18. c4 Nf6 19. Qe2 Qa6 20. Ne5 Rhf8 21. Rh3 Nd7 22. Bf4 Nxe5 23. dxe5 Bc5 24. Rg3 Rg8 25. Qh5 g6 26. Qe2 Rh8 27. h5 g5 28. Bd2 Rd7 29. Rd3 Rxd3 30. Qxd3 Rd8 31. Qe2 Qb6 32. Rf1 Bd4 33. Bc1 Qc5 34. f4 gxf4 35. Bxf4 Rd7 36. Rd1 Qb4 37. Rc1 Qc5 38. g4 b6 39. Re1 Bf2 40. Rf1 Bd4 41. a3 a5 42. Rd1 Qf8 43. Rd2 c5 44. Qe4 Kc7 45. Rg2 Kb8 46. g5 hxg5 47. Bxg5 Ka7 48. h6 Qh8 49. Re2 Rb7 50. Ka2 f6 51. exf6 Bxf6 52. Bxf6 Qxf6 53. Qxe6 Qf3 54. Re3 Qf4 55. Re4 Qf3 56. Re3 Qd1 57. Rh3 Qc2 58. Qg8 b5 59. Qd5 bxc4 60. Qxc5+ Ka6 61. Qd4 Rb3 62. Qf6+ Ka7 63. Qg7+ Ka6 64. Rg3 Rb6 65. h7 c3 66. Qxc3 Qxh7 67. Qc4+ Ka7 68. Rg5 Ra6 69. Qd4+ Ka8 70. Rg7 Rd6 71. Qe5 Qd3 72. Qe8+ Rd8 73. Qc6+ 1-0

[Event "European Women-ch 2023"]
[Site "Petrovac"]
[Date "2023.03.18"]
[Round "1.3"]
[White "Milliet, Sophie"]
[Black "Allahverdiyeva, Ayan"]
[Result "1-0"]
[WhiteElo "2404"]
[BlackElo "2124"]
[Annotator "TA"]
[PlyCount "128"]
[EventDate "2023.03.15"]
[EventType "swiss"]
[EventCountry "MNE"]
[SourceTitle "playchess.com"]
[Source "ChessBase"]
[SourceQuality "1"]

1. e4 c5 2. Nf3 d6 3. d4 cxd4 4. Nxd4 Nf6 5. Nc3 a6 6. h3 e6 7. g4 Be7 8. g5 Nfd7 9. Be3 b5 10. a3 Bb7 11. h4 O-O 12. Qd2 Nc6 13. O-O-O Nc5 14. f3 Rb8 15. Nxc6 Bxc6 16. b4 Nd7 17. h5 Qc7 18. g6 Bf6 19. Qxd6 Qxd6 20. Rxd6 Rfc8 21. Nd5 exd5 22. gxf7+ Kxf7 23. exd5 Nb6 24. dxc6 Be7 25. c7 Bxd6 26. cxb8=Q Rxb8 27. Bd3 Be5 28. Bxb6 Rxb6 29. Bxh7 a5 30. bxa5 Ra6 31. Rd1 Rxa5 32. Rd3 Ke7 33. Rb3 Bd6 34. Kb2 Be5+ 35. Kc1 Kd6 36. Bd3 Kc5 37. Kd2 Bf4+ 38. Ke2 Bc1 39. Kf2 Kc6 40. Kg3 Kc5 41. Kg4 Kc6 42. Be4+ Kd6 43. Rd3+ Kc7 44. Rd5 Bxa3 45. Rg5 Bb2 46. c3 Kd6 47. c4 Ra1 48. cxb5 Rg1+ 49. Kf5 Rxg5+ 50. Kxg5 Bd4 51. Kg6 Ke7 52. f4 Kf8 53. Bd3 Be3 54. Kf5 Ke7 55. Ke4 Bf2 56. Kd5 Kf6 57. Bg6 Bg3 58. f5 Ke7 59. Kc6 Bf4 60. b6 Bg3 61. Kb7 Bf2 62. Kc7 Bg3+ 63. Kc6 Kd8 64. f6 Bf4 1-0

[Event "European Women-ch 2023"]
[Site "Petrovac"]
[Date "2023.03.18"]
[Round "1.3"]
[White "Zimina, Olga"]
[Black "Bluebaum, Johanna"]
[Result "1-0"]
[WhiteElo "2295"]
[BlackElo "1954"]
[Annotator "TA"]
[PlyCount "91"]
[EventDate "2023.03.15"]
[EventType "swiss"]
[EventCountry "MNE"]
[SourceTitle "playchess.com"]
[Source "ChessBase"]
[SourceQuality "1"]

1. e4 e6 2. Qe2 c5 3. g3 Nc6 4. Nf3 d6 5. Bg2 Be7 6. c3 Bf6 7. O-O Nge7 8. Rd1 e5 9. d3 O-O 10. Be3 Bg4 11. h3 Bc8 12. d4 Qa5 13. dxc5 dxc5 14. Nbd2 b6 15. Bf1 Be6 16. Bg5 Rfd8 17. Bxf6 gxf6 18. Qe3 Qa4 19. b3 Qa3 20. Nc4 Bxc4 21. Bxc4 Na5 22. Bd5 Nxd5 23. exd5 c4 24. Nh4 Qf8 25. Nf5 cxb3 26. axb3 Nxb3 27. Ra4 Kh8 28. Rh4 Nc5 29. Rh6 Nd7 30. Rxf6 a5 31. Rh6 a4 32. Qe4 Qg8 33. Rxb6 a3 34. Ra1 f6 35. Rb5 Rdb8 36. Qb4 Rxb5 37. Qxb5 Qc8 38. Qb4 Qc5 39. Qb7 Ra7 40. Qc6 a2 41. Qe6 Qf8 42. Rxa2 Rxa2 43. Qxd7 Ra1+ 44. Kg2 Rc1 45. Qc7 Qg8 46. Qd6 1-0

[Event "European Women-ch 2023"]
[Site "Petrovac"]
[Date "2023.03.18"]
[Round "1.4"]
[White "Zaksaite, Salomeja"]
[Black "Efroimski, Marsel"]
[Result "1-0"]
[WhiteElo "2187"]
[BlackElo "2451"]
[Annotator "TA"]
[PlyCount "125"]
[EventDate "2023.03.15"]
[EventType "swiss"]
[EventCountry "MNE"]
[SourceTitle "playchess.com"]
[Source "ChessBase"]
[SourceQuality "1"]

1. d4 Nf6 2. e3 e6 3. Bd3 c5 4. c3 b6 5. Nf3 Bb7 6. Nbd2 d5 7. Ne5 Bd6 8. f4 Ne4 9. Bb5+ Kf8 10. Nxe4 dxe4 11. dxc5 bxc5 12. O-O Qc7 13. b4 a6 14. Bc4 g6 15. Bb2 Kg7 16. Qe2 Rc8 17. Ng4 h5 18. Nf2 Nd7 19. Rfd1 Nb6 20. bxc5 Bxc5 21. Bb3 Rd8 22. c4+ Kh7 23. g4 Qe7 24. gxh5 Rg8 25. Kh1 Qh4 26. Ng4 Be7 27. h6 Rad8 28. Ne5 f6 29. Ng4 Nd7 30. Rg1 f5 31. Ne5 Nxe5 32. Bxe5 Rd3 33. c5 Bxc5 34. Bxe6 Rgd8 35. Bf7 Rxe3 36. Bxg6+ Kxh6 37. Qb2 Qe7 38. Bxf5 Rg3 39. hxg3 e3+ 40. Kh2 Rd2+ 41. Qxd2 exd2 42. Rgd1 Qf7 43. Bh3 Be3 44. Rab1 Bf3 45. Rxd2 Bxd2 46. Rb6+ Kh7 47. Rd6 Qh5 48. Rd8 Qf7 49. Rd7 Qxd7 50. Bxd7 Kg6 51. Kh3 a5 52. Kh4 Be4 53. Be8+ Kh6 54. Kg4 Bc2 55. a4 Bd1+ 56. Kf5 Bc2+ 57. Kf6 Bd1 58. f5 Bb3 59. Bf4+ Bxf4 60. gxf4 Bc2 61. Bd7 Kh7 62. Ke7 Kg8 63. f6 1-0

[Event "European Women-ch 2023"]
[Site "Petrovac"]
[Date "2023.03.18"]
[Round "1.4"]
[White "Petrova, Irina"]
[Black "Zawadzka, Jolanta"]
[Result "1-0"]
[WhiteElo "2123"]
[BlackElo "2391"]
[Annotator "TA"]
[PlyCount "63"]
[EventDate "2023.03.15"]
[EventType "swiss"]
[EventCountry "MNE"]
[SourceTitle "playchess.com"]
[Source "ChessBase"]
[SourceQuality "1"]

1. e4 c5 2. Nf3 e6 3. b3 Nc6 4. Bb5 d6 5. Bxc6+ bxc6 6. O-O g6 7. Bb2 e5 8. c3 Bg7 9. d4 exd4 10. cxd4 Bg4 11. Nbd2 cxd4 12. Nc4 c5 13. e5 dxe5 14. Ncxe5 Bxe5 15. Qe1 Bxf3 16. Qxe5+ Qe7 17. Qxh8 Qg5 18. g3 O-O-O 19. Rac1 Bc6 20. Ba3 Ne7 21. Rxc5 Qg4 22. Qf6 Qe4 23. f3 Qe3+ 24. Kg2 Rd7 25. Rxc6+ Nxc6 26. Qxc6+ Rc7 27. Qa6+ Kd8 28. Rf2 d3 29. Bb4 Rc2 30. Qd6+ Ke8 31. Rxc2 dxc2 32. Qc6+ 1-0

[Event "European Women-ch 2023"]
[Site "Petrovac"]
[Date "2023.03.18"]
[Round "1.4"]
[White "Lomaia, Diana"]
[Black "Lazarne Vajda, Szidonia"]
[Result "0-1"]
[WhiteElo "1950"]
[BlackElo "2294"]
[Annotator "TA"]
[PlyCount "144"]
[EventDate "2023.03.15"]
[EventType "swiss"]
[EventCountry "MNE"]
[SourceTitle "playchess.com"]
[Source "ChessBase"]
[SourceQuality "1"]

1. d4 d5 2. c4 e6 3. Nc3 Be7 4. cxd5 exd5 5. Bf4 c6 6. e3 Bf5 7. Nge2 Nf6 8. Ng3 Be6 9. Bd3 Bd6 10. Bxd6 Qxd6 11. Rb1 a5 12. Qc2 Nbd7 13. h3 Nb6 14. b3 Nc8 15. O-O h6 16. e4 dxe4 17. Ncxe4 Qxd4 18. Nc5 O-O 19. Nxe6 fxe6 20. Rbe1 Nb6 21. Rxe6 Rae8 22. Rxe8 Rxe8 23. Bg6 Rd8 24. Re1 Qd2 25. Qxd2 Rxd2 26. Re2 Rxe2 27. Nxe2 Nfd5 28. Kf1 a4 29. Ke1 Kf8 30. Kd2 Ke7 31. bxa4 Nxa4 32. Bc2 Nc5 33. g3 Kf6 34. Nd4 Nb4 35. Bb1 Ne6 36. Ne2 Nd5 37. Be4 Ke5 38. Bg2 g5 39. a3 b5 40. Nc1 Nc5 41. Kc2 Kd6 42. Ne2 Ne6 43. Kd3 Ke5 44. Kd2 c5 45. Bxd5 Kxd5 46. Nc3+ Kc4 47. Kc2 Nd4+ 48. Kb2 Kd3 49. f4 gxf4 50. gxf4 Kc4 51. Ne4 Nf5 52. Nc3 h5 53. Ne4 h4 54. Nc3 Nd6 55. Nd1 Kd4 56. Nc3 Nc4+ 57. Kb3 Nd6 58. Kc2 Kc4 59. Kb2 Nf5 60. Ne4 Kd4 61. Nc3 b4 62. axb4 cxb4 63. Nb5+ Ke4 64. Nc7 Nd4 65. Na6 b3 66. Kc3 Kxf4 67. Nc5 Kg3 68. Ne4+ Kxh3 69. Kxd4 b2 70. Nd2 Kg2 71. Kc3 h3 72. Kxb2 h2 0-1

[Event "European Women-ch 2023"]
[Site "Petrovac"]
[Date "2023.03.18"]
[Round "1.5"]
[White "Osmak, Yuliia"]
[Black "Calzetta Ruiz, Monica"]
[Result "1-0"]
[WhiteElo "2445"]
[BlackElo "2185"]
[Annotator "TA"]
[PlyCount "71"]
[EventDate "2023.03.15"]
[EventType "swiss"]
[EventCountry "MNE"]
[SourceTitle "playchess.com"]
[Source "ChessBase"]
[SourceQuality "1"]

1. d4 d5 2. c4 e6 3. Nc3 c5 4. cxd5 cxd4 5. Qa4+ Bd7 6. Qxd4 exd5 7. Qxd5 Nf6 8. Qd1 Bc5 9. Nf3 O-O 10. a3 Qe7 11. Bg5 Bc6 12. e3 Rd8 13. Qc2 Nbd7 14. Bb5 Bxb5 15. Nxb5 Rac8 16. Nc3 h6 17. Bxf6 Nxf6 18. O-O Bd6 19. Rac1 Rc5 20. Qa4 Rdc8 21. Ne2 b5 22. Qb3 Ng4 23. Rxc5 Rxc5 24. h3 Ne5 25. Ned4 Nxf3+ 26. Nxf3 Qc7 27. Rd1 a6 28. Qd3 Rc6 29. Nd4 Rc1 30. Ne2 Bh2+ 31. Kh1 Rc2 32. f4 Rxb2 33. Kxh2 Qc6 34. Rd2 Rxd2 35. Qxd2 Qb6 36. Qd4 1-0

[Event "European Women-ch 2023"]
[Site "Petrovac"]
[Date "2023.03.18"]
[Round "1.5"]
[White "Narva, Mai"]
[Black "Froewis, Annika"]
[Result "1/2-1/2"]
[WhiteElo "2389"]
[BlackElo "2123"]
[Annotator "TA"]
[PlyCount "95"]
[EventDate "2023.03.15"]
[EventType "swiss"]
[EventCountry "MNE"]
[SourceTitle "playchess.com"]
[Source "ChessBase"]
[SourceQuality "1"]

1. e4 e5 2. Nf3 Nc6 3. Bb5 a6 4. Ba4 Nf6 5. O-O b5 6. Bb3 Bc5 7. a4 Rb8 8. c3 d6 9. d4 Bb6 10. a5 Ba7 11. h3 O-O 12. Be3 exd4 13. cxd4 Nb4 14. Nc3 Bb7 15. Bg5 h6 16. Bh4 c5 17. e5 dxe5 18. dxe5 Qxd1 19. Raxd1 Nh5 20. Be7 Rfe8 21. Rd7 Rxe7 22. Rxe7 c4 23. Ba2 Nd3 24. Bb1 Nhf4 25. Ne4 Nxb2 26. Nd6 Bxf3 27. gxf3 Bc5 28. Rc7 Nbd3 29. Nxf7 Nxh3+ 30. Kh2 Nhxf2 31. Nd6 Bd4 32. Re7 Nxe5 33. Rxf2 Nc6 34. Nf5 Bxf2 35. Rxg7+ Kf8 36. Rc7 Nxa5 37. Rh7 Rb7 38. Rh8+ Kf7 39. Nd6+ Ke6 40. Rxh6+ Ke5 41. Nxb7 Nxb7 42. Rxa6 Bc5 43. Kg2 b4 44. Kf1 b3 45. Ke2 c3 46. Ra8 c2 47. Bxc2 bxc2 48. Kd2 1/2-1/2

[Event "European Women-ch 2023"]
[Site "Petrovac"]
[Date "2023.03.18"]
[Round "1.5"]
[White "Urh, Zala"]
[Black "Makka, Ioulia"]
[Result "1-0"]
[WhiteElo "2294"]
[BlackElo "1949"]
[Annotator "TA"]
[PlyCount "83"]
[EventDate "2023.03.15"]
[EventType "swiss"]
[EventCountry "MNE"]
[SourceTitle "playchess.com"]
[Source "ChessBase"]
[SourceQuality "1"]

1. e4 c6 2. d4 d5 3. e5 Bf5 4. h4 h6 5. g4 Bd7 6. Be3 Qc8 7. Be2 e6 8. h5 c5 9. c3 b5 10. f4 b4 11. Nd2 bxc3 12. bxc3 c4 13. Nf1 Na6 14. Ng3 Nc7 15. Qc2 Qa6 16. a4 Qa5 17. Kf2 Rb8 18. Nf3 Ne7 19. f5 Rb3 20. Rhc1 Nc8 21. fxe6 Bxe6 22. Nf5 Kd7 23. Nd2 Rb6 24. Kg2 Rg8 25. Bf4 g6 26. hxg6 Rxg6 27. Rh1 Ne7 28. Kf2 Ng8 29. Rab1 Ne8 30. Rxb6 axb6 31. Rb1 Kc8 32. Rb5 Qa7 33. Qb1 Qxa4 34. Rxb6 Qa7 35. Nd6+ Nxd6 36. exd6 Bd7 37. Qb4 Nf6 38. Qc5+ Kd8 39. Qc7+ Qxc7 40. dxc7+ Ke7 41. Bd6+ Ke8 42. Rb8+ 1-0

[Event "European Women-ch 2023"]
[Site "Petrovac"]
[Date "2023.03.18"]
[Round "1.6"]
[White "Jarocka, Liwia"]
[Black "Javakhishvili, Lela"]
[Result "0-1"]
[WhiteElo "2181"]
[BlackElo "2443"]
[Annotator "TA"]
[PlyCount "102"]
[EventDate "2023.03.15"]
[EventType "swiss"]
[EventCountry "MNE"]
[SourceTitle "playchess.com"]
[Source "ChessBase"]
[SourceQuality "1"]

1. e4 c5 2. Nf3 Nc6 3. d4 cxd4 4. Nxd4 e5 5. Nb5 d6 6. c4 Be6 7. N1c3 a6 8. Na3 g6 9. Be3 Nf6 10. Be2 Bg7 11. Nc2 O-O 12. f3 Rc8 13. Qd2 Nh5 14. O-O Nf4 15. Rfd1 Na5 16. b3 b5 17. Nd5 bxc4 18. Bb6 c3 19. Qe1 Qg5 20. Nxf4 exf4 21. Rxd6 Nb7 22. Rdd1 Nc5 23. Qf2 a5 24. Rac1 Rc6 25. Bxc5 Rxc5 26. Nd4 Rfc8 27. Nxe6 fxe6 28. Bc4 Qe7 29. Rd3 Be5 30. Rcd1 R8c7 31. Qc2 Kg7 32. a4 h5 33. Kf1 Kh6 34. h3 R5c6 35. Qc1 Qb4 36. Qc2 Qa3 37. Rb1 Rb6 38. Bb5 Rd6 39. Bc4 Rxd3 40. Qxd3 Rc6 41. Qe2 Rd6 42. Rd1 Rxd1+ 43. Qxd1 Qb2 44. Bd3 Bd4 45. Qc2 Qa1+ 46. Qb1 Qa3 47. e5 Bb6 48. Ke1 Qc5 49. Qc2 Qe3+ 50. Be2 Qf2+ 51. Kd1 Qg1+ 0-1

[Event "European Women-ch 2023"]
[Site "Petrovac"]
[Date "2023.03.18"]
[Round "1.6"]
[White "Koridze, Lile"]
[Black "Maltsevskaya, Aleksandra"]
[Result "0-1"]
[WhiteElo "2122"]
[BlackElo "2388"]
[Annotator "TA"]
[PlyCount "80"]
[EventDate "2023.03.15"]
[EventType "swiss"]
[EventCountry "MNE"]
[SourceTitle "playchess.com"]
[Source "ChessBase"]
[SourceQuality "1"]

1. d4 Nf6 2. c4 g6 3. Nc3 Bg7 4. e4 d6 5. Nf3 O-O 6. Be2 Na6 7. Bf4 Qe8 8. O-O e5 9. dxe5 Nh5 10. Be3 dxe5 11. Qc1 c6 12. Rb1 Qe7 13. Rd1 Re8 14. b4 Nxb4 15. c5 a5 16. a3 Na6 17. Na4 Nf4 18. Bxf4 exf4 19. Nb6 Ra7 20. Qxf4 Be6 21. Bxa6 Rxa6 22. Qe3 a4 23. Rd6 Bg4 24. h3 Bxf3 25. Qxf3 Ra5 26. Rd7 Qe6 27. Rxb7 Rxc5 28. Nxa4 Rc4 29. Qb3 Bd4 30. Rb4 Rxb4 31. Qxb4 Qxe4 32. Rd1 Bxf2+ 33. Kh1 Qc2 34. Rf1 Bg3 35. Nb6 Re4 36. Qa5 Qe2 37. Rg1 Rh4 38. Qa8+ Kg7 39. Qc8 f5 40. Qd7+ Kh6 0-1

[Event "European Women-ch 2023"]
[Site "Petrovac"]
[Date "2023.03.18"]
[Round "1.6"]
[White "Manova, Ivana"]
[Black "Krasteva, Beloslava"]
[Result "0-1"]
[WhiteElo "1923"]
[BlackElo "2292"]
[Annotator "TA"]
[PlyCount "56"]
[EventDate "2023.03.15"]
[EventType "swiss"]
[EventCountry "MNE"]
[SourceTitle "playchess.com"]
[Source "ChessBase"]
[SourceQuality "1"]

1. e4 c5 2. Nf3 e6 3. g3 Nc6 4. Bg2 Nf6 5. Nc3 a6 6. d4 cxd4 7. Nxd4 Qc7 8. O-O d6 9. Bg5 Be7 10. Qd2 O-O 11. Rad1 Rd8 12. Kh1 h6 13. Nxc6 bxc6 14. Bxf6 Bxf6 15. f4 Rb8 16. b3 c5 17. Rf3 Bb7 18. Rd3 c4 19. Re3 Rbc8 20. b4 d5 21. exd5 exd5 22. Nxd5 Rxd5 23. Bxd5 Rd8 24. Kg1 Rxd5 25. Re8+ Kh7 26. Qe2 Rxd1+ 27. Qxd1 Qc6 28. Qe2 Bd4+ 0-1

[Event "European Women-ch 2023"]
[Site "Petrovac"]
[Date "2023.03.18"]
[Round "1.7"]
[White "Bulmaga, Irina"]
[Black "Pavlidou, Ekaterini"]
[Result "1-0"]
[WhiteElo "2438"]
[BlackElo "2178"]
[Annotator "TA"]
[PlyCount "76"]
[EventDate "2023.03.15"]
[EventType "swiss"]
[EventCountry "MNE"]
[SourceTitle "playchess.com"]
[Source "ChessBase"]
[SourceQuality "1"]

1. e4 c5 2. Nf3 Nc6 3. d4 cxd4 4. Nxd4 e5 5. Nb5 d6 6. c4 Be6 7. Bd3 g6 8. O-O a6 9. N5c3 Bg7 10. Nd5 Bxd5 11. cxd5 Nd4 12. Be3 Nf6 13. Nd2 O-O 14. a4 Nh5 15. Re1 Rc8 16. g3 a5 17. Ra3 Nf6 18. Nc4 Rc5 19. Nd2 Nd7 20. Bxd4 exd4 21. Nb3 Rc8 22. Bb5 Nc5 23. Nxc5 Rxc5 24. Rd3 Qb6 25. b3 Rfc8 26. Bc4 R5c7 27. h4 h6 28. h5 Kh7 29. Qg4 Qb4 30. Red1 Re8 31. Rf3 g5 32. Rfd3 Kh8 33. Kg2 Rce7 34. Bb5 Rxe4 35. Qf3 R8e5 36. Qxf7 Re1 37. Rxd4 Qc3 38. Rc4 Qxc4 1-0

[Event "European Women-ch 2023"]
[Site "Petrovac"]
[Date "2023.03.18"]
[Round "1.7"]
[White "Beydullayeva, Govhar"]
[Black "Tsirulnik, Maritsa"]
[Result "1-0"]
[WhiteElo "2388"]
[BlackElo "2121"]
[Annotator "TA"]
[PlyCount "81"]
[EventDate "2023.03.15"]
[EventType "swiss"]
[EventCountry "MNE"]
[SourceTitle "playchess.com"]
[Source "ChessBase"]
[SourceQuality "1"]

1. d4 Nf6 2. c4 e6 3. Nf3 d5 4. Nc3 Nbd7 5. Bf4 Bb4 6. e3 c5 7. Qc2 O-O 8. Bd3 dxc4 9. Bxc4 cxd4 10. exd4 a6 11. O-O b5 12. Bd3 Be7 13. Ng5 g6 14. h4 Bb7 15. Qe2 Nb6 16. Be5 b4 17. Nd1 Nbd5 18. Ne3 h6 19. Nf3 Nxe3 20. fxe3 Ne4 21. h5 g5 22. Rac1 f6 23. Bh2 Bd6 24. Bxd6 Qxd6 25. Bxe4 Bxe4 26. Nd2 Bb7 27. Rc5 a5 28. Rfc1 Rf7 29. Nc4 Qd8 30. Qd3 Rg7 31. Nd2 f5 32. Nc4 g4 33. Qf1 Qh4 34. Qf4 Qxh5 35. Rc7 Bd5 36. Rxg7+ Kxg7 37. Qe5+ Kg8 38. Nb6 Rf8 39. Nd7 Qh4 40. Nxf8 g3 41. Qh8+ 1-0